00861nam a2200241 i 4500001000700000003000700007005001700014008004100031020001800072080002600090080002500116245012200141260004400263300004900307490002200356504003200378600003400410651004000444700002500484700003300509830002200542852005500564187204SpMaBN20250629063154.0170505s1989 xxkc |||| |deng d a0-85668-443-0 a27(460)"04/14"(082.2) a929 Highfield, Roger00aGod and man in medieval Spain :bessays in honour of J.R.L. Highfield / cedited by Derek W. Lomax & David Mackenzie. aWarminster : bAris & Phillips, c1989. aXXIV, 168 páginas : b1 retrato ; c21 cm.1 aHispanic classics aBibliografía: p. XI-XXIV.14aHighfield, Roger-vHomenajes. 4aEspaña-xHistoria eclesiástica.1 aLomax, Derek W.epbl1 aMackenzie, Davidd1943-epbl1 aHispanic classics aES-MaACLcDEPO2hDonativo José Prat jL-31548